<?xml version="1.0" encoding="UTF-8"?>
<record
    xmlns:xsi="http://www.w3.org/2001/XMLSchema-instance"
    xsi:schemaLocation="http://www.loc.gov/MARC21/slim http://www.loc.gov/standards/marcxml/schema/MARC21slim.xsd"
    xmlns="http://www.loc.gov/MARC21/slim">

  <leader>02145aab a2200493 a 4500</leader>
  <controlfield tag="003">AR-RoUNA</controlfield>
  <controlfield tag="008">140529|||||||||||||||||     |||| 0|||| d</controlfield>
  <datafield tag="022" ind1=" " ind2=" ">
    <subfield code="a">0210-2080</subfield>
  </datafield>
  <datafield tag="040" ind1=" " ind2=" ">
    <subfield code="a">AR-RoUNA</subfield>
    <subfield code="b">spa</subfield>
  </datafield>
  <datafield tag="041" ind1=" " ind2=" ">
    <subfield code="a">spa</subfield>
  </datafield>
  <datafield tag="044" ind1=" " ind2=" ">
    <subfield code="a">sp</subfield>
  </datafield>
  <datafield tag="080" ind1=" " ind2=" ">
    <subfield code="a">72.036</subfield>
  </datafield>
  <datafield tag="092" ind1=" " ind2=" ">
    <subfield code="l">LL792</subfield>
  </datafield>
  <datafield tag="245" ind1=" " ind2=" ">
    <subfield code="a">On Dise&#xF1;o /</subfield>
    <subfield code="n">N&#xBA; 96</subfield>
  </datafield>
  <datafield tag="260" ind1=" " ind2=" ">
    <subfield code="a">Barcelona :</subfield>
    <subfield code="b">On Dise&#xF1;o,</subfield>
    <subfield code="c">1998</subfield>
  </datafield>
  <datafield tag="300" ind1=" " ind2=" ">
    <subfield code="a">154 p. :</subfield>
    <subfield code="b">planos</subfield>
    <subfield code="b">plantas</subfield>
    <subfield code="b">fot. col.</subfield>
    <subfield code="c">29x24 cm</subfield>
  </datafield>
  <datafield tag="505" ind1="0" ind2=" ">
    <subfield code="t">ARQUITECTURAS TEMPORALES</subfield>
  </datafield>
  <datafield tag="505" ind1="0" ind2=" ">
    <subfield code="a">Martorell, Bohigas, Mackay y Lluis Pau/ La feria de las ferias. p. 65</subfield>
  </datafield>
  <datafield tag="505" ind1="0" ind2=" ">
    <subfield code="a">Lluis Pau / Otra escalera. p. 75</subfield>
  </datafield>
  <datafield tag="505" ind1="0" ind2=" ">
    <subfield code="t">REHABILITACI&#xD3;N DE LA ARQUITECTURA</subfield>
  </datafield>
  <datafield tag="505" ind1="0" ind2=" ">
    <subfield code="a">Gonz&#xE1;lez P&#xE9;rez. J. lI / Aparicio y F. de Asis Cabrero / Un edificio para la eternidad, p 81</subfield>
  </datafield>
  <datafield tag="505" ind1="0" ind2=" ">
    <subfield code="a">Cristina y Camilo Grau / El placer de tocar la arquitectura. p. 89</subfield>
  </datafield>
  <datafield tag="505" ind1="0" ind2=" ">
    <subfield code="a">Esquius J. M y J. Puig / Rehabilitaci&#xF3;n de un edificio en Manresa. p.101</subfield>
  </datafield>
  <datafield tag="505" ind1="0" ind2=" ">
    <subfield code="a">Mestre. J. J y Rovira. J, M / La secci&#xF3;n como fachada: propuesta m&#xED;nima para, acabar un templo. p. 109</subfield>
  </datafield>
  <datafield tag="505" ind1="0" ind2=" ">
    <subfield code="t">LA OBRA DE PRIMITIVO GONZALEZ</subfield>
  </datafield>
  <datafield tag="505" ind1="0" ind2=" ">
    <subfield code="a">Cementerio en Herrera de Duero / Primitivo y Diego Gonz&#xE1;lez. p. 116</subfield>
  </datafield>
  <datafield tag="505" ind1="0" ind2=" ">
    <subfield code="a">Gonz&#xE1;lez Primitivo/ Ayuntamiento en  Cabez&#xF3;n de Pisuerga. p. 121</subfield>
  </datafield>
  <datafield tag="505" ind1="0" ind2=" ">
    <subfield code="a">Gonz&#xE1;lez, P. J.A. San Pedro. F. Gonz&#xE1;lez/ Viviendas en Medina del Campo. p. 127</subfield>
  </datafield>
  <datafield tag="505" ind1="0" ind2=" ">
    <subfield code="a">Gonz&#xE1;lez Primitivo / Rehabilitaci&#xF3;n de edificio en Mucientes. p. 133</subfield>
  </datafield>
  <datafield tag="505" ind1="0" ind2=" ">
    <subfield code="t">EL DISE&#xD1;O EN TELEVISION</subfield>
  </datafield>
  <datafield tag="505" ind1="0" ind2=" ">
    <subfield code="a">Ambros Jordi / El dise&#xF1;o en televisi&#xF3;n. p. 139</subfield>
  </datafield>
  <datafield tag="505" ind1="0" ind2=" ">
    <subfield code="a">Sibina Joan / El espacio en televisi&#xF3;n y su  dise&#xF1;ador. p. 140</subfield>
  </datafield>
  <datafield tag="505" ind1="0" ind2=" ">
    <subfield code="a">Compagnuct Beto / La continuidad. Stress en Tres. Tres. p. 145</subfield>
  </datafield>
  <datafield tag="505" ind1="0" ind2=" ">
    <subfield code="a">Casaldaliga Esther / Vestir en televisi&#xF3;n. p. 148</subfield>
  </datafield>
  <datafield tag="650" ind1="4" ind2=" ">
    <subfield code="a">Arquitectura contemporanea</subfield>
    <subfield code="9">12617</subfield>
  </datafield>
  <datafield tag="650" ind1="4" ind2=" ">
    <subfield code="a">Dise&#xF1;o</subfield>
    <subfield code="9">3694</subfield>
  </datafield>
  <datafield tag="700" ind1="1" ind2=" ">
    <subfield code="a">Llopis, Carme</subfield>
    <subfield code="e">drt</subfield>
    <subfield code="9">12618</subfield>
  </datafield>
  <datafield tag="773" ind1=" " ind2=" ">
    <subfield code="a">On Dise&#xF1;o</subfield>
    <subfield code="d">Barcelona, AramEdiciones S.A, </subfield>
    <subfield code="g">96- ( 1998 ). p.154</subfield>
    <subfield code="x">0210-2080</subfield>
  </datafield>
  <datafield tag="908" ind1=" " ind2=" ">
    <subfield code="a">Imp</subfield>
  </datafield>
  <datafield tag="930" ind1=" " ind2=" ">
    <subfield code="e">6171</subfield>
  </datafield>
  <datafield tag="942" ind1=" " ind2=" ">
    <subfield code="2">udc</subfield>
    <subfield code="c">ART</subfield>
  </datafield>
  <datafield tag="945" ind1=" " ind2=" ">
    <subfield code="a">MIA</subfield>
    <subfield code="d">2019-02-19</subfield>
  </datafield>
  <datafield tag="980" ind1=" " ind2=" ">
    <subfield code="6">1</subfield>
    <subfield code="a">Maricel Allasia</subfield>
    <subfield code="8">1</subfield>
    <subfield code="g">Maricel Allasia</subfield>
  </datafield>
  <datafield tag="999" ind1=" " ind2=" ">
    <subfield code="c">12146</subfield>
    <subfield code="d">12146</subfield>
  </datafield>
  <datafield tag="952" ind1=" " ind2=" ">
    <subfield code="0">0</subfield>
    <subfield code="1">0</subfield>
    <subfield code="2">udc</subfield>
    <subfield code="4">0</subfield>
    <subfield code="5">0</subfield>
    <subfield code="7">0</subfield>
    <subfield code="a">AR-RoUNA</subfield>
    <subfield code="b">AR-RoUNA</subfield>
    <subfield code="c">Heme</subfield>
    <subfield code="d">2025-09-30</subfield>
    <subfield code="e">Don</subfield>
    <subfield code="l">0</subfield>
    <subfield code="o">72.036</subfield>
    <subfield code="p">1002747</subfield>
    <subfield code="r">2025-09-30</subfield>
    <subfield code="t">ej. 1</subfield>
    <subfield code="w">2025-09-30</subfield>
    <subfield code="y">ART</subfield>
    <subfield code="k">K400</subfield>
    <subfield code="x"></subfield>
  </datafield>
</record>
